000 01363nam0a22002411 4500
001 rc\315147
005 20260407090509.0
035 _a(NLR Aleph) 005549476
090 _a5795152
_c5795152
100 _a20030307d1990 |||y0rusy50 ca
101 0 _arus
102 _aRU
105 _ay |||||||||
200 1 _aРАБОЧАЯ программа проведения научно-исследовательских работ по теме № 1 "Разработка Генеральной схемы развития и размещения производительных сил СССР на период до 2010 года"
_fГосплан СССР Совет по изуч. производит. сил
_g[Науч. руководители: д. э. н., проф. Л.А. Козлов, д. э. н., проф. А.Д. Настенко]
210 _aМ.
_cСОПС при Госплане СССР
_d1990
215 _a27 с.
_d20
702 1 _4570
_7ca
_8rus
_aКозлов
_bЛ.А.
_cд-р экон. наук, народное хоз-во
_f1928-
_gЛеонард Александрович
_9225312
_3RU\NLR\AUTH\770225368
712 0 2 _aСовет по изучению производительных сил СССР
_3RU\NLR\AUTH\8814763
_9302840
801 0 _aRU
_bNLR
_gpsbo
801 1 _aRU
_bELAR
_2rusmarc
852 _aNLR
_j91-4/5691
942 _cBOOK
980 _aNB